[Event "Baltic Sea Cup"]
[Site "Ronne"]
[Date "2007.08.01"]
[Round "3.44"]
[White "Hafner, Christian"]
[Black "Kristiansen, Orla"]
[Result "1-0"]
[WhiteElo "2159"]
[BlackElo "1842"]
[PlyCount "87"]
[EventDate "2007.??.??"]
[EventType "swiss"]
[EventRounds "9"]
[EventCountry "DEN"]
[SourceDate "2005.12.01"]
[WhiteTeam "Denmark"]
[BlackTeam "Denmark"]
[WhiteTeamCountry "DEN"]
[BlackTeamCountry "DEN"]

1. e4 e6 2. d4 d5 3. Nc3 Bb4 4. Qg4 dxe4 5. Qxg7 Qf6 6. Qxf6 Nxf6 7. Nge2 b6 8.
Bd2 Bb7 9. Nxe4 Bxe4 10. Bxb4 Bxc2 11. Nc3 c6 12. Rc1 Bg6 13. Be2 a5 14. Ba3
Kd7 15. O-O Na6 16. Bf3 Rhc8 17. Na4 Rab8 18. Rfe1 Nd5 19. Bxd5 cxd5 20. Rxc8
Kxc8 21. Bd6 Rb7 22. a3 Kd7 23. Be5 b5 24. Nc5+ Nxc5 25. dxc5 Kc6 26. b4 axb4
27. axb4 Ra7 28. Ra1 Rxa1+ 29. Bxa1 h5 30. f3 Kd7 31. Bf6 Kc6 32. Kf2 d4 33.
Bxd4 Kd5 34. Bc3 f5 35. Kg3 Bf7 36. Kf4 Be8 37. h3 Bf7 38. Kg5 Be8 39. Kf6 Bd7
40. g4 fxg4 41. fxg4 hxg4 42. hxg4 e5 43. g5 e4 44. g6 1-0

[Event "Baltic Sea Cup"]
[Site "Ronne"]
[Date "2007.08.01"]
[Round "3.45"]
[White "Hansen, Lars Henrik Bech"]
[Black "Dinesen, Erland"]
[Result "1-0"]
[WhiteElo "2070"]
[BlackElo "1586"]
[PlyCount "58"]
[EventDate "2007.??.??"]
[EventType "swiss"]
[EventRounds "9"]
[EventCountry "DEN"]
[SourceDate "2005.12.01"]
[WhiteTeam "Denmark"]
[BlackTeam "Denmark"]
[WhiteTeamCountry "DEN"]
[BlackTeamCountry "DEN"]

1. e4 c6 2. d4 d5 3. exd5 cxd5 4. Bd3 e6 5. Nf3 Nc6 6. c3 Nf6 7. O-O Bd6 8. Re1
Ne7 9. Bg5 Ng6 10. Ne5 Qc7 11. f4 Be7 12. Nd2 Nd7 13. Bxe7 Nxe7 14. Qg4 Nxe5
15. fxe5 Ng6 16. Re3 Qe7 17. Rh3 Kd7 18. c4 Qb4 19. Rd1 Ke8 20. Bxg6 fxg6 21.
Rxh7 Rxh7 22. Qxg6+ Kd7 23. Qxh7 Qxb2 24. Qxg7+ Kc6 25. cxd5+ Kxd5 26. Nf1 Qe2
27. Rd2 Qe1 28. Qf8 b6 29. Qf3+ Kc4 1-0

[Event "Baltic Sea Cup"]
[Site "Ronne"]
[Date "2007.08.01"]
[Round "3.46"]
[White "Simonsen, Per Barndorff"]
[Black "Pieri, Enzo"]
[Result "1-0"]
[WhiteElo "2023"]
[BlackElo "1909"]
[PlyCount "75"]
[EventDate "2007.??.??"]
[EventType "swiss"]
[EventRounds "9"]
[EventCountry "DEN"]
[SourceDate "2005.12.01"]
[WhiteTeam "Denmark"]
[BlackTeam "Denmark"]
[WhiteTeamCountry "DEN"]
[BlackTeamCountry "DEN"]

1. d4 d5 2. c4 e6 3. Nc3 Nf6 4. Bg5 Be7 5. Nf3 Nbd7 6. e3 O-O 7. Qc2 Re8 8.
O-O-O a6 9. Bd3 dxc4 10. Bxc4 b5 11. Bd3 Bb7 12. Ne5 g6 13. f3 c5 14. Kb1 c4
15. Be2 Nd5 16. Bxe7 Nxc3+ 17. bxc3 Qxe7 18. Nxd7 Qxd7 19. h4 h5 20. Ka1 Qc7
21. e4 a5 22. g4 hxg4 23. fxg4 Qf4 24. Rhf1 Qxe4 25. Qd2 Bd5 26. h5 Kg7 27. Rf4
Qg2 28. Rdf1 f5 29. R4f2 Qg3 30. hxg6 Be4 31. gxf5 exf5 32. Bf3 Bxf3 33. Rxf3
Qg4 34. Rxf5 Ra7 35. Qf2 Ree7 36. Rf7+ Rxf7 37. gxf7 Kf8 38. Rg1 1-0

[Event "Baltic Sea Cup"]
[Site "Ronne"]
[Date "2007.08.01"]
[Round "3.47"]
[White "Boje, Tobias Rosholm"]
[Black "Kraft, Rene"]
[Result "1-0"]
[WhiteElo "1931"]
[BlackElo "1678"]
[PlyCount "73"]
[EventDate "2007.??.??"]
[EventType "swiss"]
[EventRounds "9"]
[EventCountry "DEN"]
[SourceDate "2005.12.01"]
[WhiteTeam "Denmark"]
[BlackTeam "Denmark"]
[WhiteTeamCountry "DEN"]
[BlackTeamCountry "DEN"]

1. e4 e5 2. Nf3 Nc6 3. Bb5 d6 4. d4 exd4 5. Nxd4 Bd7 6. Bxc6 bxc6 7. O-O Be7 8.
Nc3 Nf6 9. Re1 O-O 10. b3 a6 11. Bb2 c5 12. Nde2 Ng4 13. h3 Ne5 14. f4 Nc6 15.
Nd5 Be6 16. c4 Rb8 17. Qd2 Nb4 18. Nec3 Nxd5 19. Nxd5 Bxd5 20. cxd5 Qd7 21. Qc3
f6 22. Rad1 Qb5 23. Rc1 Bd8 24. e5 Qb4 25. e6 Be7 26. Qc4 a5 27. Bc3 Qxc4 28.
bxc4 a4 29. Rb1 f5 30. Kf2 g6 31. Kf3 Rfc8 32. g4 h6 33. gxf5 Rxb1 34. Rxb1 Rf8
35. Rg1 Rxf5 36. Rxg6+ Kf8 37. Kg4 1-0

[Event "Baltic Sea Cup"]
[Site "Ronne"]
[Date "2007.08.01"]
[Round "3.48"]
[White "Valle, Lorenzo"]
[Black "Wilsbeck, Jan Borge"]
[Result "1-0"]
[WhiteElo "1541"]
[BlackElo "1925"]
[PlyCount "57"]
[EventDate "2007.??.??"]
[EventType "swiss"]
[EventRounds "9"]
[EventCountry "DEN"]
[SourceDate "2005.12.01"]
[WhiteTeam "Denmark"]
[BlackTeam "Denmark"]
[WhiteTeamCountry "DEN"]
[BlackTeamCountry "DEN"]

1. e4 c5 2. Nf3 d6 3. Bb5+ Nc6 4. O-O Nf6 5. e5 dxe5 6. Nxe5 Qc7 7. Re1 a6 8.
Bxc6+ bxc6 9. b3 e6 10. Bb2 h5 11. h3 a5 12. a4 Ba6 13. d3 Nd7 14. Nd2 Nxe5 15.
Bxe5 Qd7 16. Qf3 O-O-O 17. Nc4 Bxc4 18. bxc4 f6 19. Bc3 Bd6 20. Qe3 Rde8 21.
Bxa5 Be5 22. Rab1 Bd4 23. Qf3 e5 24. Rb6 e4 25. Rxe4 g5 26. Rxe8+ Rxe8 27.
Rxc6+ Kb8 28. Ra6 Qb7 29. Rb6 1-0

[Event "Baltic Sea Cup"]
[Site "Ronne"]
[Date "2007.08.01"]
[Round "3.49"]
[White "Lillelokken, Kjell Arne"]
[Black "Kallenbach, Uffe"]
[Result "1-0"]
[WhiteElo "1898"]
[BlackElo "1596"]
[PlyCount "57"]
[EventDate "2007.??.??"]
[EventType "swiss"]
[EventRounds "9"]
[EventCountry "DEN"]
[SourceDate "2005.12.01"]
[WhiteTeam "Denmark"]
[BlackTeam "Denmark"]
[WhiteTeamCountry "DEN"]
[BlackTeamCountry "DEN"]

1. f4 d5 2. Nf3 c5 3. g3 Nc6 4. Bg2 Nf6 5. O-O g6 6. d3 Bg7 7. Nc3 O-O 8. e4 d4
9. Ne2 e5 10. f5 Qc7 11. Nh4 Ne7 12. h3 gxf5 13. Nxf5 Nxf5 14. exf5 Bd7 15. g4
Ne8 16. Ng3 f6 17. h4 Nd6 18. Ne4 Nxe4 19. Bxe4 h6 20. g5 fxg5 21. hxg5 hxg5
22. Bxg5 Bc6 23. f6 Bxe4 24. dxe4 Bxf6 25. Rxf6 Qg7 26. Rxf8+ Rxf8 27. Qh5 Rf6
28. Rf1 Rh6 29. Qxh6 1-0

[Event "Baltic Sea Cup"]
[Site "Ronne"]
[Date "2007.08.01"]
[Round "3.50"]
[White "Jensen, Jan Kargaard"]
[Black "Dinesen, Lasse Juel"]
[Result "1-0"]
[WhiteElo "1894"]
[BlackElo "1522"]
[PlyCount "157"]
[EventDate "2007.??.??"]
[EventType "swiss"]
[EventRounds "9"]
[EventCountry "DEN"]
[SourceDate "2005.12.01"]
[WhiteTeam "Denmark"]
[BlackTeam "Denmark"]
[WhiteTeamCountry "DEN"]
[BlackTeamCountry "DEN"]

1. d4 Nf6 2. Bf4 g6 3. Nf3 d6 4. Nbd2 Bg7 5. e3 Bf5 6. Bc4 Nbd7 7. h3 Nb6 8.
Bb3 a5 9. Ng5 O-O 10. e4 Bxe4 11. Ngxe4 Nxe4 12. Nxe4 a4 13. c3 axb3 14. Qxb3
Qd7 15. f3 Qa4 16. O-O Qxb3 17. axb3 Nd5 18. Bd2 e5 19. dxe5 Bxe5 20. Rfd1 Nf4
21. Bxf4 Bxf4 22. Nf6+ Kg7 23. Nd5 Bg5 24. Nxc7 Rac8 25. Nb5 Be3+ 26. Kf1 Rc6
27. Rxd6 Rxd6 28. Nxd6 Rd8 29. Rd1 Kf8 30. Ke2 Bc1 31. Rxc1 Rxd6 32. Rd1 Re6+
33. Kd3 Ke7 34. Rd2 Kd7 35. Kc4+ Kc7 36. b4 Rc6+ 37. Kb3 Re6 38. b5 Kb6 39. Kb4
Rf6 40. b3 Kc7 41. c4 Rf4 42. Re2 Kd7 43. Re4 Rf5 44. Rd4+ Kc7 45. Rh4 h5 46.
Re4 Kd7 47. f4 b6 48. g4 hxg4 49. hxg4 Rf6 50. c5 bxc5+ 51. Kxc5 Kc7 52. b4 Kb7
53. Re7+ Kc8 54. Re4 Kb7 55. Rc4 Rb6 56. f5 gxf5 57. gxf5 Rf6 58. Rf4 Kc7 59.
Kd5 Kd7 60. Ke5 Rb6 61. Rd4+ Ke7 62. Rd5 f6+ 63. Kd4 Rb8 64. Kc5 Ra8 65. b6 Rb8
66. Kb5 Ke8 67. Kc6 Rc8+ 68. Kb7 Rc4 69. b5 Ke7 70. Kb8 Ke8 71. b7 Ke7 72. Ka7
Ra4+ 73. Kb6 Kf7 74. Rd7+ Ke8 75. Rh7 Rd4 76. b8=Q+ Rd8 77. Rh8+ Kf7 78. Qxd8
Kg7 79. Qg8# 1-0

[Event "Baltic Sea Cup"]
[Site "Ronne"]
[Date "2007.08.01"]
[Round "3.51"]
[White "Trarup, Jorgen"]
[Black "Jacobsen, Mads Holger"]
[Result "1/2-1/2"]
[WhiteElo "1863"]
[BlackElo "1480"]
[PlyCount "153"]
[EventDate "2007.??.??"]
[EventType "swiss"]
[EventRounds "9"]
[EventCountry "DEN"]
[SourceDate "2005.12.01"]
[WhiteTeam "Denmark"]
[BlackTeam "Denmark"]
[WhiteTeamCountry "DEN"]
[BlackTeamCountry "DEN"]

1. e4 c5 2. Nf3 e6 3. Nc3 Nc6 4. Bc4 d6 5. O-O Nf6 6. Re1 Nd7 7. d4 cxd4 8.
Nxd4 Nb6 9. Bb3 Na5 10. Bd2 Nxb3 11. axb3 g6 12. Nf3 Bg7 13. Bg5 Qd7 14. e5
dxe5 15. Ne4 Nd5 16. c4 f5 17. cxd5 fxe4 18. Rxe4 Qxd5 19. Qe2 Qxb3 20. Ra3 Qb6
21. Nxe5 Bxe5 22. Rxe5 O-O 23. Be3 Qd6 24. Bc5 Qc7 25. Bxf8 Qc1+ 26. Qf1 Qxf1+
27. Kxf1 Kxf8 28. Rc3 b6 29. Ke1 Kf7 30. g3 Kf6 31. f4 Bd7 32. Re2 a5 33. Rd2
Ra7 34. Rdc2 a4 35. Rc7 Rxc7 36. Rxc7 Ke7 37. Kd2 Kd6 38. Ra7 b5 39. Kc3 h6 40.
Kb4 Bc6 41. Rg7 Be8 42. Rg8 Bf7 43. Rb8 g5 44. Rxb5 gxf4 45. gxf4 Bg6 46. Rb6+
Kd5 47. Kxa4 Bf5 48. Rb8 h5 49. Ka5 h4 50. Kb6 h3 51. Ra8 Bd3 52. Ra3 Ke4 53.
b4 Bf1 54. Kc5 Kxf4 55. b5 Bg2 56. b6 Kg4 57. Kd6 Bd5 58. Kc7 e5 59. b7 Bxb7
60. Kxb7 e4 61. Kc6 Kf4 62. Kd5 e3 63. Ra4+ Kf3 64. Re4 e2 65. Ke5 Kf2 66. Kf4
e1=Q 67. Rxe1 Kxe1 68. Kg3 Ke2 69. Kxh3 Kf3 70. Kh4 Kf4 71. Kh5 Kf5 72. h4 Kf6
73. Kh6 Kf7 74. Kh7 Kf8 75. h5 Kf7 76. h6 Kf8 77. Kh8 1/2-1/2

[Event "Baltic Sea Cup"]
[Site "Ronne"]
[Date "2007.08.01"]
[Round "3.52"]
[White "Schiendorfer, Alexander"]
[Black "Ehlers, Kjeld"]
[Result "1-0"]
[WhiteElo "1811"]
[BlackElo "1449"]
[PlyCount "73"]
[EventDate "2007.??.??"]
[EventType "swiss"]
[EventRounds "9"]
[EventCountry "DEN"]
[SourceDate "2005.12.01"]
[WhiteTeam "Denmark"]
[BlackTeam "Denmark"]
[WhiteTeamCountry "DEN"]
[BlackTeamCountry "DEN"]

1. e4 c5 2. c3 e5 3. Nf3 Nc6 4. Bc4 Be7 5. d4 cxd4 6. cxd4 exd4 7. Nxd4 Nf6 8.
Nxc6 dxc6 9. Qxd8+ Bxd8 10. Nc3 O-O 11. O-O Re8 12. Bg5 b5 13. Bd3 Ng4 14. Bxd8
Rxd8 15. Rfd1 Be6 16. b3 Rd7 17. Be2 Rad8 18. Rxd7 Rxd7 19. Rd1 Rxd1+ 20. Nxd1
Kf8 21. b4 Ke7 22. a3 Nf6 23. e5 Nd7 24. f4 Nb6 25. Nc3 g6 26. Kf2 h5 27. g3
Nd5 28. Nxd5+ Bxd5 29. Ke3 Ke6 30. Bf1 Kd7 31. Kd4 Kc7 32. Bxb5 Kb6 33. Bc4 Be6
34. Bxe6 fxe6 35. a4 a6 36. Kc4 c5 37. b5 1-0

[Event "Baltic Sea Cup"]
[Site "Ronne"]
[Date "2007.08.01"]
[Round "3.53"]
[White "Abrahamsen, Bjarne"]
[Black "Hansen, Anders"]
[Result "0-1"]
[WhiteElo "1346"]
[BlackElo "1795"]
[PlyCount "62"]
[EventDate "2007.??.??"]
[EventType "swiss"]
[EventRounds "9"]
[EventCountry "DEN"]
[SourceDate "2005.12.01"]
[WhiteTeam "Denmark"]
[BlackTeam "Denmark"]
[WhiteTeamCountry "DEN"]
[BlackTeamCountry "DEN"]

1. Nf3 c5 2. g3 Nc6 3. Bg2 e6 4. O-O Nf6 5. d3 Be7 6. c4 O-O 7. Nc3 d6 8. Bd2
Re8 9. Qc2 d5 10. Bf4 Nh5 11. Ne5 Nxf4 12. Nxc6 Nxe2+ 13. Qxe2 bxc6 14. cxd5
cxd5 15. b3 Bf6 16. Qc2 Bd7 17. Rae1 Rc8 18. Nd1 a5 19. Nb2 Qb6 20. g4 Qb4 21.
Re3 Qxg4 22. Rh3 Qd4 23. Qe2 Qxb2 24. Qh5 h6 25. Rg3 Bg5 26. f4 Bf6 27. Qxh6
Kf8 28. Qh5 Ke7 29. Re1 Qd4+ 30. Rge3 Qxf4 31. Qxd5 Bc6 0-1

[Event "Baltic Sea Cup"]
[Site "Ronne"]
[Date "2007.08.01"]
[Round "3.54"]
[White "Adolfssen, Rico"]
[Black "Hein, Jacob"]
[Result "1-0"]
[WhiteElo "1752"]
[BlackElo "1329"]
[PlyCount "75"]
[EventDate "2007.??.??"]
[EventType "swiss"]
[EventRounds "9"]
[EventCountry "DEN"]
[SourceDate "2005.12.01"]
[WhiteTeam "Denmark"]
[BlackTeam "Denmark"]
[WhiteTeamCountry "DEN"]
[BlackTeamCountry "DEN"]

1. e4 c6 2. d4 d5 3. e5 Bf5 4. f4 e6 5. Nf3 a6 6. Be2 Qa5+ 7. Bd2 Bb4 8. O-O
Bxd2 9. Nbxd2 Ne7 10. Nb3 Qc7 11. Rc1 Nd7 12. Qe1 Ng6 13. Nfd2 c5 14. g4 Be4
15. Nxe4 dxe4 16. f5 exf5 17. gxf5 Ne7 18. c3 Qb6 19. Qg3 Qh6 20. Rcd1 Nd5 21.
dxc5 Qe3+ 22. Rf2 Qxg3+ 23. hxg3 Ne3 24. Rd4 O-O-O 25. Rxe4 Nd5 26. Bc4 Nb8 27.
Rd4 Rhe8 28. Bxd5 Rxe5 29. Bxf7 Rxd4 30. cxd4 Re7 31. Be6+ Kd8 32. d5 b5 33. f6
gxf6 34. Rxf6 Ke8 35. Nd4 Rg7 36. Nf5 Rc7 37. d6 Rxc5 38. d7+ 1-0

[Event "Baltic Sea Cup"]
[Site "Ronne"]
[Date "2007.08.01"]
[Round "3.55"]
[White "Pedersen, Lasse"]
[Black "Palvig, David Kinch"]
[Result "0-1"]
[WhiteElo "1062"]
[BlackElo "1750"]
[PlyCount "70"]
[EventDate "2007.??.??"]
[EventType "swiss"]
[EventRounds "9"]
[EventCountry "DEN"]
[SourceDate "2005.12.01"]
[WhiteTeam "Denmark"]
[BlackTeam "Denmark"]
[WhiteTeamCountry "DEN"]
[BlackTeamCountry "DEN"]

1. Nf3 Nf6 2. c4 e6 3. g3 d5 4. d4 c6 5. c5 Nbd7 6. Nc3 Be7 7. Bg2 O-O 8. O-O
Re8 9. Re1 Bf8 10. Bf4 g6 11. Qc2 Bg7 12. e4 dxe4 13. Nxe4 Nd5 14. Be5 Nxe5 15.
Nxe5 Qc7 16. Nd6 Re7 17. Qd1 b6 18. Bxd5 exd5 19. b4 Bh3 20. Rb1 f6 21. Nd3 Bf8
22. Nf4 Bd7 23. b5 Rxe1+ 24. Qxe1 Bxd6 25. cxd6 Qxd6 26. Qc3 cxb5 27. Qb3 Bc6
28. Re1 Re8 29. Rxe8+ Bxe8 30. Nxd5 Bf7 31. Nxf6+ Qxf6 32. Qxb5 Qxd4 33. Qa6
Qd1+ 34. Kg2 Bd5+ 35. Kh3 Qh5# 0-1

[Event "Baltic Sea Cup"]
[Site "Ronne"]
[Date "2007.08.01"]
[Round "3.56"]
[White "Skogli, Pal"]
[Black "Holm, Kristian Stuvik"]
[Result "1-0"]
[WhiteElo "1634"]
[BlackElo "1000"]
[PlyCount "65"]
[EventDate "2007.??.??"]
[EventType "swiss"]
[EventRounds "9"]
[EventCountry "DEN"]
[SourceDate "2005.12.01"]
[WhiteTeam "Denmark"]
[BlackTeam "Denmark"]
[WhiteTeamCountry "DEN"]
[BlackTeamCountry "DEN"]

1. e4 c5 2. d4 cxd4 3. Nf3 Nc6 4. c3 dxc3 5. Nxc3 d6 6. Bc4 g6 7. O-O Bg7 8.
Qe2 Bg4 9. Bxf7+ Kxf7 10. Ng5+ Kf8 11. Qxg4 Qc8 12. Qf3+ Nf6 13. Qd1 h6 14. Nf3
Kg8 15. Re1 Kh7 16. Bf4 Re8 17. e5 dxe5 18. Bxe5 a6 19. Qb3 b5 20. Nd5 Na5 21.
Qd3 Nxd5 22. Qxd5 Qc4 23. Qd2 Nb7 24. Bxg7 Kxg7 25. Ne5 Qh4 26. Qd5 Nd6 27. Nc6
Qf6 28. Nxe7 Nc4 29. Re6 Rad8 30. Rxf6 Kxf6 31. Qf3+ Kxe7 32. Re1+ Kd7 33. Qf7+
1-0

[Event "Baltic Sea Cup"]
[Site "Ronne"]
[Date "2007.08.01"]
[Round "3.57"]
[White "Olsen, Karsten Kierkegaard"]
[Black "Holt, Michael"]
[Result "1-0"]
[WhiteElo "1598"]
[BlackElo "1000"]
[PlyCount "79"]
[EventDate "2007.??.??"]
[EventType "swiss"]
[EventRounds "9"]
[EventCountry "DEN"]
[SourceDate "2005.12.01"]
[WhiteTeam "Denmark"]
[BlackTeam "Denmark"]
[WhiteTeamCountry "DEN"]
[BlackTeamCountry "DEN"]

1. e4 e5 2. Nf3 Nc6 3. Bb5 a6 4. Ba4 Nf6 5. O-O b5 6. Bb3 Be7 7. Re1 Bb7 8. c3
Na5 9. Bc2 O-O 10. Nxe5 d6 11. Nf3 c5 12. d4 c4 13. Bf4 Nh5 14. Be3 d5 15. e5
f6 16. g4 fxe5 17. gxh5 e4 18. Ne5 Nc6 19. f4 Nxe5 20. fxe5 Rf7 21. Rf1 Qf8 22.
Nd2 Rf5 23. Rxf5 Qxf5 24. Qe2 Bg5 25. Rf1 Bxe3+ 26. Qxe3 Qg4+ 27. Kh1 Qxh5 28.
Bd1 Qg6 29. Qg3 Qxg3 30. hxg3 Bc8 31. Rf4 Be6 32. Nf1 Rf8 33. Ne3 Rxf4 34. gxf4
g6 35. Bg4 Kf7 36. Bxe6+ Kxe6 37. Kg2 h5 38. Kg3 a5 39. a3 Kf7 40. Nxd5 1-0

[Event "Baltic Sea Cup"]
[Site "Ronne"]
[Date "2007.08.01"]
[Round "4.1"]
[White "Vera Gonzalez, Reynaldo"]
[Black "Malakhatko, Vadim"]
[Result "1/2-1/2"]
[WhiteElo "2479"]
[BlackElo "2596"]
[PlyCount "53"]
[EventDate "2007.??.??"]
[EventType "swiss"]
[EventRounds "9"]
[EventCountry "DEN"]
[SourceDate "2005.12.01"]
[WhiteTeam "Denmark"]
[BlackTeam "Denmark"]
[WhiteTeamCountry "DEN"]
[BlackTeamCountry "DEN"]

1. d4 d5 2. c4 c6 3. Nc3 Nf6 4. cxd5 cxd5 5. Bf4 Nc6 6. e3 a6 7. Bd3 Bg4 8.
Nge2 e6 9. O-O Bd6 10. f3 Bh5 11. Rc1 Bg6 12. Bxd6 Qxd6 13. Nf4 O-O 14. Nxg6
hxg6 15. f4 Rfc8 16. g4 Ne7 17. Rf2 Rc6 18. Rfc2 Rac8 19. Kg2 Nd7 20. Ne2 Nb6
21. b3 Nd7 22. Rxc6 Rxc6 23. Rxc6 Nxc6 24. Qc1 Ne7 25. Qc2 Nc6 26. Qc1 Ne7 27.
Qc2 1/2-1/2

[Event "Baltic Sea Cup"]
[Site "Ronne"]
[Date "2007.08.01"]
[Round "4.2"]
[White "Savchenko, Boris"]
[Black "Glud, Jakob Vang"]
[Result "1-0"]
[WhiteElo "2577"]
[BlackElo "2435"]
[PlyCount "133"]
[EventDate "2007.??.??"]
[EventType "swiss"]
[EventRounds "9"]
[EventCountry "DEN"]
[SourceDate "2005.12.01"]
[WhiteTeam "Denmark"]
[BlackTeam "Denmark"]
[WhiteTeamCountry "DEN"]
[BlackTeamCountry "DEN"]

1. b3 e5 2. Bb2 d6 3. Nf3 e4 4. Ng1 Nf6 5. e3 Be7 6. d3 O-O 7. Nc3 exd3 8. cxd3
d5 9. Nf3 Nc6 10. d4 Bg4 11. Be2 Re8 12. O-O Bd6 13. Re1 a6 14. a3 Ne7 15. a4
Bb4 16. Ne5 Bxe2 17. Rxe2 Nf5 18. Rc2 Bd6 19. Qf3 Nh4 20. Qh3 Ng6 21. Nxg6 hxg6
22. Ba3 Bxa3 23. Rxa3 c5 24. Ne2 Rc8 25. g3 c4 26. bxc4 dxc4 27. a5 Rc5 28.
dxc5 Qd1+ 29. Qf1 Qxc2 30. Rc3 Qa2 31. Nd4 Ne4 32. Rc2 Qxa5 33. Qxc4 b5 34. Qb3
b4 35. c6 Nc3 36. Qc4 Rc8 37. h4 Rc7 38. Kh2 Kh7 39. Rb2 Nd5 40. Ra2 Nb6 41.
Qc2 Qd5 42. Rxa6 Nc4 43. Qa2 Qc5 44. Ra8 Ne5 45. Re8 Ng4+ 46. Kg2 Nf6 47. Rb8
Ra7 48. Rb5 Qxc6+ 49. Nxc6 Rxa2 50. Rxb4 Nd5 51. Rb3 Ra6 52. Ne5 f6 53. Nd3 Ra7
54. Rb8 Re7 55. Kf3 Nc3 56. Nf4 Re5 57. Rc8 Nb5 58. Rc6 g5 59. hxg5 Rxg5 60.
Ke4 Na7 61. Rb6 Nc8 62. Re6 Na7 63. Kd3 Nb5 64. Rc6 Na7 65. Rc7 Nb5 66. Rd7 Re5
67. Kc4 1-0

[Event "Baltic Sea Cup"]
[Site "Ronne"]
[Date "2007.08.01"]
[Round "4.3"]
[White "Kristiansen, Jens"]
[Black "Hillarp Persson, Tiger"]
[Result "1/2-1/2"]
[WhiteElo "2436"]
[BlackElo "2568"]
[PlyCount "68"]
[EventDate "2007.??.??"]
[EventType "swiss"]
[EventRounds "9"]
[EventCountry "DEN"]
[SourceDate "2005.12.01"]
[WhiteTeam "Denmark"]
[BlackTeam "Denmark"]
[WhiteTeamCountry "DEN"]
[BlackTeamCountry "DEN"]

1. d4 g6 2. e4 Bg7 3. c4 d6 4. Nc3 Nf6 5. Nf3 O-O 6. Be2 Bg4 7. Be3 Nfd7 8. Rc1
c5 9. d5 Na6 10. O-O Nc7 11. h3 Bxf3 12. Bxf3 a6 13. a4 e6 14. dxe6 Nxe6 15.
Qxd6 Ne5 16. Qxd8 Rfxd8 17. Be2 Nd4 18. Bxd4 Rxd4 19. b3 Nd3 20. Rcd1 Nf4 21.
Bf3 Rxd1 22. Nxd1 Rd8 23. Ne3 Rd3 24. Rd1 Bd4 25. Rxd3 Nxd3 26. Kf1 Bxe3 27.
Ke2 Bxf2 28. Kxd3 Bg3 29. e5 Bxe5 30. a5 Bc7 31. Bxb7 Bxa5 32. Bxa6 Kg7 33. g4
Kf6 34. Ke4 Kg5 1/2-1/2

[Event "Baltic Sea Cup"]
[Site "Ronne"]
[Date "2007.08.01"]
[Round "4.4"]
[White "Rozentalis, Eduardas"]
[Black "Lund, Esben"]
[Result "1-0"]
[WhiteElo "2551"]
[BlackElo "2396"]
[PlyCount "77"]
[EventDate "2007.??.??"]
[EventType "swiss"]
[EventRounds "9"]
[EventCountry "DEN"]
[SourceDate "2005.12.01"]
[WhiteTeam "Denmark"]
[BlackTeam "Denmark"]
[WhiteTeamCountry "DEN"]
[BlackTeamCountry "DEN"]

1. e4 e5 2. Nf3 Nc6 3. Bb5 Nf6 4. d3 d6 5. O-O g6 6. c3 Bg7 7. Re1 O-O 8. h3
Qe7 9. Nbd2 Nd8 10. d4 Nh5 11. Bf1 Nf4 12. Nc4 f6 13. Kh2 Nf7 14. b3 Bd7 15. a4
Kh8 16. Ra2 Rg8 17. g3 Ne6 18. Bg2 h5 19. Ne3 Bh6 20. Nd5 Qd8 21. Bxh6 Nxh6 22.
Rd2 Rg7 23. a5 Qf8 24. Nh4 Bc6 25. Qf3 Ng8 26. Qe3 Bxd5 27. exd5 Nd8 28. f4
exf4 29. gxf4 f5 30. Qg3 Kh7 31. Rde2 Nf7 32. Re6 Nh8 33. Bf3 Nh6 34. Rg1 Qg8
35. Bxh5 gxh5 36. Rxh6+ Kxh6 37. Qxg7+ Qxg7 38. Nxf5+ Kh7 39. Rxg7# 1-0

[Event "Baltic Sea Cup"]
[Site "Ronne"]
[Date "2007.08.01"]
[Round "4.5"]
[White "Stripunsky, Alexander"]
[Black "Jayaram, Ashwin"]
[Result "1-0"]
[WhiteElo "2589"]
[BlackElo "2399"]
[PlyCount "217"]
[EventDate "2007.??.??"]
[EventType "swiss"]
[EventRounds "9"]
[EventCountry "DEN"]
[SourceDate "2005.12.01"]
[WhiteTeam "Denmark"]
[BlackTeam "Denmark"]
[WhiteTeamCountry "DEN"]
[BlackTeamCountry "DEN"]

1. e4 c5 2. Nc3 a6 3. g3 b5 4. Bg2 Bb7 5. Nh3 g6 6. d3 Bg7 7. Be3 d6 8. Qc1 Nc6
9. O-O Nd4 10. Kh1 Nf6 11. f3 O-O 12. Nd1 d5 13. c3 Ne6 14. e5 Ne8 15. d4 cxd4
16. cxd4 f6 17. Nf4 Nxf4 18. Bxf4 fxe5 19. dxe5 Nc7 20. Nf2 Ne6 21. Nd3 Nxf4
22. Nxf4 Qb6 23. Nd3 Qd4 24. Rd1 Rac8 25. Qg5 Rc7 26. a3 Rf5 27. Qg4 Bxe5 28.
f4 Bg7 29. Qe2 Qb6 30. Rac1 d4 31. Rxc7 Qxc7 32. Qe6+ Kh8 33. Rc1 Bxg2+ 34.
Kxg2 Qb7+ 35. Kf2 Rf8 36. h4 Bf6 37. b4 Qa8 38. Qc6 a5 39. Qxa8 Rxa8 40. Kf3
axb4 41. axb4 Ra3 42. Ke4 Ra2 43. Rd1 Rg2 44. Kf3 Rc2 45. Ke4 Rg2 46. Kf3 Rc2
47. Ke4 Re2+ 48. Kd5 Rg2 49. Kc6 Rxg3 50. Kxb5 Bxh4 51. Kc4 g5 52. b5 gxf4 53.
b6 f3 54. b7 Rg8 55. Rg1 Rb8 56. Ne5 h6 57. Ng6+ Kh7 58. Nxh4 Rxb7 59. Nxf3 Rb6
60. Kxd4 Rg6 61. Re1 e6 62. Ne5 Rg3 63. Rf1 h5 64. Ke4 Kg7 65. Rf7+ Kh6 66. Kf4
Rg1 67. Rf6+ Kg7 68. Rxe6 h4 69. Nf3 Rf1 70. Re5 Kf6 71. Rh5 Ra1 72. Nxh4 Ra4+
73. Kg3 Ke6 74. Ng2 Kd6 75. Nf4 Re4 76. Kf3 Re5 77. Rh6+ Kd7 78. Nd3 Re7 79.
Kf4 Re2 80. Nc5+ Ke7 81. Ne4 Ra2 82. Nc5 Re2 83. Kf5 Ra2 84. Re6+ Kf7 85. Nd3
Kg7 86. Re7+ Kf8 87. Rc7 Ke8 88. Nf4 Ra6 89. Ne6 Ra5+ 90. Nc5 Kd8 91. Rc6 Ra1
92. Nd3 Kd7 93. Ne5+ Ke7 94. Re6+ Kd8 95. Rd6+ Ke7 96. Rd7+ Ke8 97. Rb7 Ra6 98.
Nd7 Rd6 99. Ne5 Ra6 100. Nf7 Rc6 101. Ke5 Rg6 102. Nd6+ Kd8 103. Ne4 Kc8 104.
Rh7 Kd8 105. Nf6 Rg5+ 106. Kd6 Kc8 107. Kc6 Kb8 108. Kb6 Kc8 109. Rh8+ 1-0

[Event "Baltic Sea Cup"]
[Site "Ronne"]
[Date "2007.08.01"]
[Round "4.6"]
[White "Kasparov, Sergey"]
[Black "Kleiman, Jake"]
[Result "1/2-1/2"]
[WhiteElo "2500"]
[BlackElo "2312"]
[PlyCount "181"]
[EventDate "2007.??.??"]
[EventType "swiss"]
[EventRounds "9"]
[EventCountry "DEN"]
[SourceDate "2005.12.01"]
[WhiteTeam "Denmark"]
[BlackTeam "Denmark"]
[WhiteTeamCountry "DEN"]
[BlackTeamCountry "DEN"]

1. e4 c5 2. Nf3 e6 3. d4 cxd4 4. Nxd4 a6 5. Bd3 Ne7 6. O-O Nbc6 7. Nxc6 Nxc6 8.
Be3 Be7 9. Nd2 O-O 10. f4 d6 11. Kh1 Bf6 12. c3 b5 13. Nf3 Bb7 14. Qe2 e5 15.
f5 Ne7 16. g4 d5 17. Rad1 Qc7 18. Bc1 Nc8 19. g5 Bd8 20. exd5 Bxd5 21. Be4 Bc4
22. Qd2 Bxf1 23. Bxa8 Bh3 24. Be4 Ne7 25. f6 Ng6 26. Qd6 Qc8 27. fxg7 Re8 28.
Rg1 Be7 29. Qc6 Qxc6 30. Bxc6 Rd8 31. Re1 Kxg7 32. Kg1 Bc5+ 33. Be3 Bxe3+ 34.
Rxe3 f6 35. gxf6+ Kxf6 36. Kf2 Rd1 37. Re1 Rd6 38. Be4 Bf5 39. Ke3 Nf4 40. Nd2
Rd8 41. Nb3 h5 42. Rf1 Rg8 43. Nc5 a5 44. Nd3 Ng2+ 45. Ke2 Nh4 46. Nc5 Rg4 47.
Rf2 Kg5 48. Bxf5 Nxf5 49. Kd3 Nd6 50. b3 Rh4 51. Re2 Kf5 52. Rf2+ Kg4 53. Ke2
Rh3 54. Rg2+ Kf5 55. Rf2+ Kg5 56. Rg2+ Kf6 57. Rf2+ Ke7 58. Kd2 e4 59. Re2 Kf6
60. Nxe4+ Nxe4+ 61. Rxe4 Rxh2+ 62. Kd3 Rxa2 63. Re8 Rb2 64. Ra8 Rxb3 65. Rxa5
Rb2 66. c4 bxc4+ 67. Kxc4 Kg6 68. Kd3 Rf2 69. Ke3 Rf8 70. Ra2 h4 71. Rf2 Re8+
72. Kf3 Kh5 73. Kg2 Kg4 74. Kh2 Re3 75. Rg2+ Kf4 76. Rf2+ Kg4 77. Rg2+ Rg3 78.
Ra2 Rf3 79. Ra4+ Rf4 80. Ra2 h3 81. Rb2 Re4 82. Rc2 Rd4 83. Rb2 Rc4 84. Ra2 Rb4
85. Rc2 Rd4 86. Rb2 Rc4 87. Ra2 Rd4 88. Rc2 Re4 89. Rd2 Rf4 90. Rc2 Re4 91. Rd2
1/2-1/2